000 00518nam a22001937a 4500
003 NUST - PNEC
005 20170116180803.0
008 150417b xxu||||| |||| 00| 0 eng d
020 _a0792456572
040 _cLIBRARY
082 _a956.04 WES
100 _92687
_aWestwood, J.N.
245 _aThe history of the Middle East wars
_cJ.N. Westwood
250 _a-
260 _aHong Kong
_bMallard Press
_cc1984.
300 _a206 p. :
_c30 cm.
650 _92690
_aMiddle East
_xHistory, General
942 _2ddc
_cBK
999 _c63039
_d63039